| 000 | 00948 a2200325 4500 | ||
|---|---|---|---|
| 999 |
_c21384 _d8245 |
||
| 001 | 21384 | ||
| 003 | TR-AnTOB | ||
| 005 | 20211223172702.0 | ||
| 008 | 041102s2003 tur tu | ||
| 020 | _a9756614005 | ||
| 035 | _a21384 | ||
| 040 |
_aTR-AnTOB _beng _cTR-AnTOB _erda |
||
| 041 | 0 | _atur | |
| 050 | 1 | 4 |
_aDR576 _b.D38 2003 |
| 090 |
_aDR576 _b.D38 2003 |
||
| 100 | 1 |
_aDavutoğlu, Ahmet, _912240 _d1959- |
|
| 245 | 1 | 0 |
_aStratejik derinlik: Türkiye'nin uluslararası konumu / _cAhmet Davutoğlu. |
| 250 | _a13. bs. | ||
| 264 | 1 |
_aİstanbul : _bKüre Yayınları, _c2003. |
|
| 300 |
_axiii, 584 pages ; _c24 cm |
||
| 336 |
_2rdacontent _atext _btxt |
||
| 337 |
_2rdamedia _aunmediated _bn |
||
| 338 |
_2rdacarrier _avolume _bnc |
||
| 490 | 0 |
_aBsv Kitaplığı; 1. _aStratejik araştırmalar; 1 |
|
| 500 | _aIncludes index. | ||
| 651 |
_aTürkiye _xSiyaset ve yönetim _y20. yüzyıl _9108970 |
||
| 902 | _a0004492 | ||
| 942 |
_cBK _2lcc |
||